World's trickiest puzzles (Record no. 175177)

MARC details
000 -LEADER
fixed length control field 00383nam a2200145Ia 4500
008 - FIXED-LENGTH DATA ELEMENTS--GENERAL INFORMATION
fixed length control field 231217s9999 xx 000 0 und d
041 ## - LANGUAGE CODE
Language code of text/sound track or separate title English
082 ## - DEWEY DECIMAL CLASSIFICATION NUMBER
Classification number 793.73 TOW;2 R1
100 ## - MAIN ENTRY--PERSONAL NAME
Personal name Townsend, Charles Barry
245 #0 - TITLE STATEMENT
Title World's trickiest puzzles
260 ## - PUBLICATION, DISTRIBUTION, ETC.
Date of publication, distribution, etc. 1995
Name of publisher, distributor, etc. Orient Paper Backs
Place of publication, distribution, etc. New Delhi
300 ## - PHYSICAL DESCRIPTION
Extent 126
650 ## - SUBJECT ADDED ENTRY--TOPICAL TERM
Topical term or geographic name entry element World's,trickiest,puzzles
942 ## - ADDED ENTRY ELEMENTS (KOHA)
Koha item type Books
Holdings
Date last seen Total checkouts Full call number Accession number Cost, total (INR) price Price effective from Category Lost status Damaged status Department Withdrawn status Home library Current library Entry date Vendor Cost, normal purchase price Grants Billnumber Billdate Currency symbol Conversion rate Discount Old discount Shelving location
26/01/2024   793.73 TOW;2 R1 35106 40.00 26/01/2024 Books     Central Library   Central Library Central Library 24/05/2005 Sapna Book House 50.00 GEN 27805 28/07/2003 RS 1 10 20  
26/01/2024   793.73 TOW;3 35107 40.00 26/01/2024 Books     Central Library   Central Library Central Library 24/05/2005 Sapna Book House 50.00 GEN 27805 28/07/2003 RS 1 10 20 Central Library

© For any Suggestions or Query, please contact the library staff @ librarian@pes.edu or Phone: +9180 2672 1983/ 2108.